000 01098nam a22003970a 4500
001 PT55845
003 AR-LpoUNG
005 20210516203441.0
008 191001s2004||||pe |||||||||||||||||spa d
040 _aAR-LpoUNG
_bspa
_cAR-LpoUNG
_eaacr
041 _aspa
044 _ape
082 0 _a334.01 892mem
111 2 _aEncuentro Nacional de Economía Solidaria, 3, Lima, 4-5 diciembre 2004
245 1 0 _aMemoria :
_bIII encuentro nacional de economía solidaria
250 _a1ra. ed.
260 _aLima :
_bGRESP,
_c2004.
300 _a64 p. :
_bfot.
650 4 _aAMERICA LATINA
650 4 _aCOMERCIALIZACION COOPERATIVA
650 4 _aCOMERCIO
650 4 _aCONSUMO
650 4 _aCOOPERATIVAS
650 4 _aDESARROLLO ECONOMICO Y SOCIAL
650 4 _aECONOMIA
650 4 _aMOVIMIENTOS COOPERATIVOS
650 4 _aPERU
650 4 _aSECTOR PUBLICO
651 4 _aPerú
653 _aCOMERCIO JUSTO
653 _aECONOMIA SOCIAL
653 _aECONOMIA SOLIDARIA
710 2 _aGrupo Red de Economía Solidaria del Perú (Lima)
905 _a55845
942 _cLIB
999 _c57894
_d57894